| 000 | 00518nam a2200181Ia 4500 | ||
|---|---|---|---|
| 999 |
_c28642 _d28642 |
||
| 003 | OSt | ||
| 005 | 20201203113758.0 | ||
| 008 | 190216s9999||||xx |||||||||||||| ||und|| | ||
| 020 | _a9798184230016 | ||
| 040 | _coclc | ||
| 082 |
_a894.8124 _bENG/E |
||
| 100 |
_aEngandiyoor, Ashokan _97165 |
||
| 245 | 0 |
_aEzhuthinte Patheyam / _cAshokan Engandiyoor |
|
| 260 |
_bGreen Books, _aThrissur: _c2006. |
||
| 300 | _a104p | ||
| 650 | _aLekhanam | ||
| 942 |
_cBK _2ddc _h894.8124 _iENG/E _k894.8124 _mENG/E |
||